5HLuxD.jpg

KING HENRY VIII SENIOR AND PRIMARY SCHOOL LIBRARY OPAC

Spanish / (Record no. 657)

000 -LEADER
fixed length control field 01376cam a2200421 i 4500
001 - CONTROL NUMBER
control field 020692310
003 - CONTROL NUMBER IDENTIFIER
control field UkOxU
005 - DATE AND TIME OF LATEST TRANSACTION
control field 20190920103119.0
008 - FIXED-LENGTH DATA ELEMENTS--GENERAL INFORMATION
fixed length control field 160210s2016 enka f 000|0 eng d
015 ## - NATIONAL BIBLIOGRAPHY NUMBER
National bibliography number GBB646342
Source bnb
016 7# - NATIONAL BIBLIOGRAPHIC AGENCY CONTROL NUMBER
Record control number 017794912
Source Uk
020 ## - INTERNATIONAL STANDARD BOOK NUMBER
International Standard Book Number 9781471858314
Qualifying information paperback
035 ## - SYSTEM CONTROL NUMBER
System control number (Uk)017794912
040 ## - CATALOGING SOURCE
Original cataloging agency StDuBDS
Language of cataloging eng
Description conventions rda
Transcribing agency StDuBDS
Modifying agency UkOxU
041 0# - LANGUAGE CODE
Language code of text/sound track or separate title eng
-- spa
082 04 - DEWEY DECIMAL CLASSIFICATION NUMBER
Classification number 468 BAR
Edition number 23
100 1# - MAIN ENTRY--PERSONAL NAME
Personal name Barefoot, Simon,
Relator term author.
245 10 - TITLE STATEMENT
Title Spanish /
Statement of responsibility, etc. Simon Barefoot, David Mee, Mónica Morcillo Laiz, Mike Thacker.
264 #1 - PRODUCTION, PUBLICATION, DISTRIBUTION, MANUFACTURE, AND COPYRIGHT NOTICE
Place of production, publication, distribution, manufacture London :
Name of producer, publisher, distributor, manufacturer Hodder Education,
Date of production, publication, distribution, manufacture, or copyright notice 2016.
264 #4 - PRODUCTION, PUBLICATION, DISTRIBUTION, MANUFACTURE, AND COPYRIGHT NOTICE
Date of production, publication, distribution, manufacture, or copyright notice ©2016
300 ## - PHYSICAL DESCRIPTION
Extent 312 pages :
Other physical details illustrations ;
Dimensions 28 cm
336 ## - CONTENT TYPE
Content type term text
Source rdacontent
337 ## - MEDIA TYPE
Media type term unmediated
Source rdamedia
338 ## - CARRIER TYPE
Carrier type term volume
Source rdacarrier
490 1# - SERIES STATEMENT
Series statement Edexcel A level (includes AS)
521 ## - TARGET AUDIENCE NOTE
Target audience note A level.
521 ## - TARGET AUDIENCE NOTE
Target audience note AS level.
610 20 - SUBJECT ADDED ENTRY--CORPORATE NAME
Corporate name or jurisdiction name as entry element Edexcel (Organization)
General subdivision Examinations
Form subdivision Study guides.
650 #0 - SUBJECT ADDED ENTRY--TOPICAL TERM
Topical term or geographic name entry element Spanish language
Form subdivision Textbooks for foreign speakers
General subdivision English.
650 #0 - SUBJECT ADDED ENTRY--TOPICAL TERM
Topical term or geographic name entry element Spanish language
General subdivision Examinations
Form subdivision Study guides.
700 1# - ADDED ENTRY--PERSONAL NAME
Personal name Morcillo Laiz, Mónica,
Relator term author.
700 1# - ADDED ENTRY--PERSONAL NAME
Personal name Mee, David,
Relator term author.
700 1# - ADDED ENTRY--PERSONAL NAME
Personal name Thacker, Mike,
Relator term author.
776 08 - ADDITIONAL PHYSICAL FORM ENTRY
Relationship information ebook version :
International Standard Book Number 9781471858321
830 #0 - SERIES ADDED ENTRY--UNIFORM TITLE
Uniform title Edexcel A level.
Name of part/section of a work Spanish.
942 ## - ADDED ENTRY ELEMENTS (KOHA)
Source of classification or shelving scheme
Koha item type Books - Non Ficton
Holdings
Withdrawn status Lost status Source of classification or shelving scheme Damaged status Not for loan Collection code Permanent Location Current Location Shelving location Date acquired Full call number Barcode Date last seen Price effective from Koha item type
          Non-Fiction KH8 Senior School Library KH8 Senior School Library Non Fiction 2019-09-20 468 BAR 3KHSL000101365 2019-09-20 2019-09-20 Books - Non Ficton
          Teaching Resources KH8 Senior School Library KH8 Senior School Library Staff Office 2023-10-20 468 BAR TRKHSL004180 2023-10-20 2023-10-20 Teaching Resources
          Teaching Resources KH8 Senior School Library KH8 Senior School Library Staff Office 2023-10-20 468 BAR TRKHSL004181 2023-10-20 2023-10-20 Teaching Resources
          Teaching Resources KH8 Senior School Library KH8 Senior School Library Staff Office 2023-10-20 468 BAR TRKHSL004182 2023-10-20 2023-10-20 Teaching Resources
          Teaching Resources KH8 Senior School Library KH8 Senior School Library Staff Office 2023-10-20 468 BAR TRKHSL004183 2023-10-20 2023-10-20 Teaching Resources
          Teaching Resources KH8 Senior School Library KH8 Senior School Library Staff Office 2023-10-20 468 BAR TRKHSL004184 2023-10-20 2023-10-20 Teaching Resources
          Teaching Resources KH8 Senior School Library KH8 Senior School Library Staff Office 2023-10-20 468 BAR TRKHSL004185 2023-10-20 2023-10-20 Teaching Resources
          Teaching Resources KH8 Senior School Library KH8 Senior School Library Staff Office 2023-10-20 468 BAR TRKHSL004186 2023-10-20 2023-10-20 Teaching Resources

Powered By KH8 IT Dept